Statistics for European Geography By Letter - M #2

Click here to take the quiz!

General Stats

  • This quiz has been taken 796 times
  • The average score is 8 of 14

Answer Stats

ClueAnswer% Correct
Neighborhood of Monaco known for its casinoMonte Carlo
84%
The city of Munich, in its native languageMünchen
83%
Saint for whom Venice's cathedral is namedSaint {Mark}
72%
Southernmost major city in Spain, birthplace of PicassoMalaga
66%
The central part of England, whose largest city is BirminghamMidlands
59%
The city of Moscow, in its native languageМосква
58%
Paris green space near the Eiffel TowerChamp de {Mars}
55%
French name for the English Channel - literal meaning "The Sleeve"La {Manche}
55%
Country in western Ireland (or something you might put on your sandwich)Mayo
54%
Another name for the Hungarian ethnic groupMagyars
51%
Russian city of about 300,000 - the most populous city north of the Arctic CircleMurmansk
47%
Celtic language spoken on the Isle of ManManx
38%
Region that, together with Bohemia, forms most of the Czech RepublicMoravia
35%
British landform that is similar to a bog, heath, mire, or fenMoor
24%

Score Distribution

Percentile by Number Answered

Percent of People with Each Score

Your Score History

You have not taken this quiz